000 00625nam a2200193Ia 4500
005 20250326143946.0
008 250326s9999 xx 000 0 und d
020 _a81-7629-394-6
037 _aTextbook
040 _aFMSL
_beng
_cFMSL
041 _aeng
_2eng
084 _aX:74 P2
_qFMSL
100 _aBhatia S K
245 0 _aBusiness ethics and managerial values: concept isues and dilemmas in shaping ethical culture for competitive advantage of organisations
_cBhatia S K
260 _aNew Delhi
_bNew Delhi, Deep & Deep
_c2002
300 _axv,208
942 _cTB
_hX:74 P2
999 _c1301775
_d1301775